00903cam a2200277 a 450000100090000000300040000900500170001300800410003001000170007102000180008802000150010604000180012104200100013904300120014905000240016110000230018524501170020826000380032530000410036350000510040456200600045565000230051565000360053870000230057470000280059716301697OSt20150905085453.0100625s2007 ph a b 001 0 eng  a 2010338602 a9789715845717 z9715845717 aDLCcDLCdDLC alcode aa-ph---00aHF 5681b.H918 2007 aDiamante, Melva M.00aHuman resource management :blocal and global perspectives /cMelva M. Diamante, Genevieve Ledesma-Tan, editors. aQuezon City :bC & E Pub.,c2007. a448 pages :billustrations ;c27 cm. aIncludes bibliographical references and index. e for circulation : 8 copies available in the collection 0aManpower planning. 0aManpower planningzPhilippines.1 aDiamante, Melva M.1 aTan, Genevieve Ledesma-